01893nam a2200469 i 450000100060000000300020000600500170000800600190002500700150004400800410005902000280010002000180012803500220014604000310016804300120019905000210021108000200023208200190025210000220027124501090029326400310040230000650043333600290049833700330052733800390056050400620059958800830066159001620074461000580090661000590096465000470102365000350107065000570110565000370116265100450119965100430124465500270128779700180131485600630133294200110139599900170140674741020241217151142.0m o u cr cn|||||||||190916s2018 sp ab ob 000 0 spa d a9788491488873q(e-book) z9788491488583 a(OCoLC)1126310303 aFINmELBbspaerdacFINmELB as-ck---00aF2279bC764 2018 a94(862):343.57500a986.106/342231 aContreras, Jaime.10aFARC-EP :binsurgencia, terrorismo y narcotráfico en Colombia : memoria y discurso /cJaime Contreras. 1aMadrid :bDykinson,c2018. a1 recurso en línea (437 páginas) :bilustraciones, mapas atextobtxt2rdamedia/spa acomputadorabc2rdamedia/spa arecurso en línea2rdacarrier/spa aIncluye referencias bibliográficas (páginas 423-428). aDescripción basada en metadatos suministrados por el editor y otras fuentes. aRecurso electrónico. Santa Fe, Arg.: elibro, 2019. Disponible vía World Wide Web. El acceso puede estar limitado para las bibliotecas afiliadas a elibro.20aFuerzas Armadas Revolucionarias de ColombiaxHistory.24aFuerzas Armadas Revolucionarias de ColombiaxHistoria. 0aDrug trafficxPolitical aspectszColombia. 0aInsurgencyzColombiaxHistory. 4aTráfico de drogasxAspectos políticoszColombia. 4aInsurgenciazColombiaxHistoria. 0aColombiaxPolitics and governmenty1974- 4aColombiaxPolítica y gobiernoy1974- 4aLibros electrónicos.2 aelibro, Corp.40uhttps://elibro.net/ereader/politecnicointernacional/106085 cLIBROS c74741d74741